Подробности
| 000 -МАРКЕР |
| контрольное поле |
01595nam2a2200277 4500 |
| 001 - ИДЕНТИФИКАТОР ЗАПИСИ |
| контрольное поле |
RU\NLR\BIBL_A\016219407 |
| 005 - ИДЕНТИФИКАТОР ВЕРСИИ |
| контрольное поле |
20230116144613.0 |
| 010 ## - МЕЖДУНАРОДНЫЙ СТАНДАРТНЫЙ НОМЕР КНИГИ (ISBN) |
| Номер (ISBN) |
978-5-8064-3216-3 |
| Тираж |
100 |
| 021 ## - НОМЕР ГОСУДАРСТВЕННОЙ РЕГИСТРАЦИИ |
| Код страны |
Российская Федерация |
| Номер |
КН-П-22-075880 |
| Номер Листа государственной регистраци |
КН-П-22-6620 |
| 035 ## - ДРУГИЕ СИСТЕМНЫЕ НОМЕРА |
| Идентификатор записи |
(NLR Aleph) 016219407 |
| 035 ## - ДРУГИЕ СИСТЕМНЫЕ НОМЕРА |
| Идентификатор записи |
(RuMoRGB)011324199 |
| 100 ## - ДАННЫЕ ОБЩЕЙ ОБРАБОТКИ |
| Данные общей обработки |
20221128d2022 u y0rusy50 ca |
| 101 0# - ЯЗЫК РЕСУРСА |
| Язык текста, звукозаписи и т.д. |
русский |
| 102 ## - СТРАНА ПУБЛИКАЦИИ ИЛИ ПРОИЗВОДСТВА |
| Страна публикации |
Российская Федерация |
| 105 ## - ПОЛЕ КОДИРОВАННЫХ ДАННЫХ: ТЕКСТОВЫЕ МАТЕРИАЛЫ, МОНОГРАФИЧЕСКИЕ |
| Кодированные данные о монографическом текстовом документе |
ach z 000zy |
| 200 1# - ЗАГЛАВИЕ И СВЕДЕНИЯ ОБ ОТВЕТСТВЕННОСТИ |
| Основное заглавие |
О родном университете |
| 210 ## - ПУБЛИКАЦИЯ, РАСПРОСТРАНЕНИЕ И ДР. |
| Дата издания, распространения и т.д. |
2022 |
| 215 ## - ФИЗИЧЕСКАЯ ХАРАКТЕРИСТИКА |
| Специфическое обозначение материала и объем |
590, [1] с., [22] л. ил., цв. ил., портр., факс. |
| Другие сведения о физической характеристике |
ил., портр., факс. |
| 461 #0 - УРОВЕНЬ НАБОРА |
| Встроенное поле |
001RU\NLR\BIBL_A\016219406 |
| -- |
2001#$aЖизнь как повод для размышлений$eтрилогии$fГ. А. Бордовский$vЧ. 2 |
| -- |
700#1$aБордовский$bГ. А.$f1941-$gГеннадий Алексеевич$3RU\NLR\AUTH\7719630 |
| Системный номер (АБИС) связанной записи |
12733529 |
| Автор |
Бордовский, Г.А. (1941-) |
| Место публикации |
Санкт-Петербург |
| Дата публикации |
2022- |
| Издание |
2-е изд., доп. |
| Первые сведения об ответственности |
Г. А. Бордовский |
| Имя издателя, распространителя и т.д. |
Изд-во РГПУ им. А. И. Герцена |
| Сведения, относящиеся к заглавию |
трилогия |
| Заглавие |
Жизнь как повод для размышлений |
| Номер тома |
Ч. 2 |
| 601 02 - НАИМЕНОВАНИЕ ОРГАНИЗАЦИИ КАК ПРЕДМЕТ |
| Начальный элемент ввода |
Российский государственный педагогический университет им. А.И. Герцена |
| Идентифицирующий признак |
Санкт-Петербург, город |
| Формальный подзаголовок |
Воспоминания, записки и т.п |
| Тематический подзаголовок |
История |
| Системный номер авторитетной/нормативной записи |
2217508 |
| Идентификатор авторитетной/нормативной записи |
RU\NLR\AUTH\661331751 |
| 686 1# - ИНДЕКСЫ ДРУГИХ КЛАССИФИКАЦИЙ |
| Индекс |
Ч489.514(2)7г |
| 942 ## - ДОПОЛНИТЕЛЬНЫЕ ЭЛЕМЕНТЫ ЗАПИСИ (АБИС) |
| Тип экземпляра АБИС |
Книга |
| 980 ## - КОЛЛЕКЦИЯ |
| Название коллекции |
Национальная библиография |